Manual del contador de costos / (Record no. 88685)

MARC details
000 -LEADER
campo de control de longitud fija 00597nam a2200181 i 4500
001 - NÚMERO DE CONTROL
campo de control 88685
003 - IDENTIFICADOR DE NÚMERO DE CONTROL
campo de control ES-MaACL
005 - FECHA Y HORA DE LA ÚLTIMA TRANSACCIÓN
campo de control 20230906175914.0
007 - CAMPO FIJO DE DESCRIPCIÓN FÍSICA--INFORMACIÓN GENERAL
campo de control de longitud fija t|
008 - DATOS DE LONGITUD FIJA--INFORMACIÓN GENERAL
campo de control de longitud fija 050105s1958 mx ||||1| spa d
100 1# - ENTRADA PRINCIPAL--NOMBRE DE PERSONA
Nombre de persona Lang, Theodore.
9 (RLIN) 70006
245 10 - MENCIÓN DEL TÍTULO
Título Manual del contador de costos /
Mención de responsabilidad, etc. dirección de Theodore Lang ; traducción del inglés revisada por Ramón Cárdenas.
250 ## - MENCION DE EDICION
Mención de edición 1ª ed.
260 ## - PUBLICACIÓN, DISTRIBUCIÓN, ETC.
Lugar de publicación, distribución, etc. México :
Nombre del editor, distribuidor, etc. [s.n.,
Fecha de publicación, distribución, etc. 1958] (
Fabricante Union Tip. Edit. Hispano-Americana)
300 ## - DESCRIPCIÓN FÍSICA
Extensión LII, 1558`p. ;
Dimensiones 19 cm.
700 1# - ENTRADA AGREGADA--NOMBRE PERSONAL
Nombre de persona Cárdenas, Ramón.
9 (RLIN) 35145
852 ## - LOCALIZACIÓN
Ubicación ES-MaACL
Número de control de estantería C-17013
Sublocalización o colección R.45092
Holdings
Estatus retirado Estado de pérdida Estado de daño No para préstamo Biblioteca de origen Biblioteca actual Ubicación en estantería Fecha de adquisición Fuente de adquisición Total de préstamos Signatura topográfica completa Código de barras Visto por última vez Precio de reemplazo Tipo de ítem Koha
        Biblioteca del Ateneo de Madrid Biblioteca del Ateneo de Madrid Galería 17/01/2008     C-17013 1092634 23/02/2023 23/02/2023 Libro impreso